Concesiones de obras públicas: crecimiento inteligente. Análisis de la institucionalidad chilena

Guardat en:
Dades bibliogràfiques
Autor principal: Ramírez Arrayás, José Antonio (Autor)
Format: Llibre
Idioma:espanyol
Publicat: Santiago, Chile Thomson Reuters, Legal Publishing 2019
Edició:Segunda edición
Matèries:
Accés en línia:Disponible Online en Thomson Proview
Etiquetes: Afegir etiqueta
Sense etiquetes, Sigues el primer a etiquetar aquest registre!

MARC

LEADER 00000cam a2200000 a 4500
001 UCC9804
003 CL-VaPUC
005 20230523111006.0
008 191111e20190000cl spa d
999 |c 178778  |d 178776 
020 |a 9789564000688 
040 |c Pontificia Universidad Católica de Valparaíso 
082 0 4 |a 346.04 RAM 2019  |b    |2 21 
100 1 |a Ramírez Arrayás, José Antonio  |e author  |9 245687 
245 1 0 |a Concesiones de obras públicas: crecimiento inteligente.  |b Análisis de la institucionalidad chilena 
250 |a Segunda edición  |b actualizada  
260 |a Santiago, Chile   |b Thomson Reuters,  |b Legal Publishing  |c 2019 
300 |a 285 páginas  
583 |a last modification  |c 20191111 01:17:00  |k cmena 
650 0 0 |a Derecho administrativo  |9 254851 
650 0 7 |a CONCESIONES  |2 CL-VaPUC  |9 259108 
650 0 0 |a Franquicias tributarias   |9 384092 
650 0 0 |a Obras públicas  |9 261125 
650 0 0 |a Licitación pública  |9 384344 
852 |a BIBCUR 
856 |u https://pucv.idm.oclc.org/login?url=https://proview.thomsonreuters.com/library.html?sponsor=IPPUCV-2  |y Disponible Online en Thomson Proview  
942 |c BK  |2 ddc 
945 |a dcastane  |d 20191111 01:17:00 
952 |0 0  |1 0  |3 erb  |4 0  |6 346_040000000000000_RAM_2019  |7 0  |8 A  |9 495401  |a BIBDER  |b BIBDER  |d 2019-10-18  |e 46  |i 5564824  |l 2  |o 346.04 RAM 2019  |p 5564824  |r 2024-11-22  |s 2024-11-22  |w 2020-01-06  |y BK  |z Catalogado en:20191111  |k DER